000 00719nam a2200193 a 4500
001 60267
005 20180714061447.0
008 140415s2003 mx 000 0 spa d
020 _a9688631256
041 _aspa
082 0 _a182
_bALT
100 1 _aALTIERI MEGALE, ANGELO
245 1 4 _aLOS PRESOCRÁTICOS :
_bINTENTO DE RECONSTRUCCIÓN DE LA FILOSOFÍA PRESOCRÁTICA A TRAVÉS DE LOS FRAGMENTOS Y LOS TESTIMONIOS ADECUADAMENTE SELECCIONADOS, RECOPILADOS Y ELABORADOS.
250 _a2a ed.
260 _aMÉXICO :
_bBENEMÉRITA UNIVERSIDAD AUTÓNOMA DE PUEBLA,
_c2003,.
300 _aXCIV, 210 ;
_c210.
490 0 _aTEXTOS UAP
650 1 4 _aSOFISTAS (FILOSOFA)
_xFILOSOFA CLSICA
_xFILSOFOS GRIEGOS
999 _c60267
_d60267